<?xml version="1.0" encoding="UTF-8"?>
<collection xmlns="http://www.loc.gov/MARC21/slim">
 <record>
  <leader>01045nam a2200145 a 4500</leader>
  <controlfield tag="001">1/26631</controlfield>
  <controlfield tag="008">050613s2003    gr ab         00010 gre d</controlfield>
  <datafield tag="035" ind1=" " ind2=" ">
   <subfield code="l">28473</subfield>
  </datafield>
  <datafield tag="082" ind1="0" ind2="0">
   <subfield code="a">352.167 ΣΤΡ</subfield>
  </datafield>
  <datafield tag="245" ind1="0" ind2="0">
   <subfield code="a">Στρατηγικό πλαίσιο εφαρμογής της μητροπολιτικής διακυβέρνησης σε Αθήνα/Αττική και Θεσσαλονίκη</subfield>
  </datafield>
  <datafield tag="260" ind1="0" ind2=" ">
   <subfield code="a">Αθήνα:</subfield>
   <subfield code="b">ΙΑΠΑΔ,</subfield>
   <subfield code="c">2003</subfield>
  </datafield>
  <datafield tag="300" ind1=" " ind2=" ">
   <subfield code="a">95 σ.:</subfield>
   <subfield code="b">έγχρ. εικ.;</subfield>
   <subfield code="c">24 εκ.</subfield>
  </datafield>
  <datafield tag="650" ind1=" " ind2="4">
   <subfield code="a">Μητροπολιτική, Αυτοδιοίκηση.</subfield>
  </datafield>
  <datafield tag="710" ind1="2" ind2=" ">
   <subfield code="a">Ελλάδα. Υπουργείο Εσωτερικών, Δημόσιας Διοίκησης και Αποκέντρωσης.</subfield>
   <subfield code="b">Γενική Γραμματεία Δημόσιας Διοίκησης. Γεν. Δ/νση Διοικητικής Οργάνωσης και Διαδικασιών. Δ/νση Κωδικοποίησης Νομικών Πληροφοριών.</subfield>
  </datafield>
  <datafield tag="852" ind1=" " ind2=" ">
   <subfield code="a">INST</subfield>
   <subfield code="b">UNIPILB</subfield>
   <subfield code="c">MAIN</subfield>
   <subfield code="e">20050613</subfield>
   <subfield code="h">352.167 ΣΤΡ</subfield>
   <subfield code="p">00148177</subfield>
   <subfield code="q">00148177</subfield>
   <subfield code="t">LOAN</subfield>
   <subfield code="y">0</subfield>
   <subfield code="4">1</subfield>
  </datafield>
 </record>
</collection>
